LEADER 01124nam0 2200313 450 001 000044808 005 20180615131515.0 010 $a978-884282160-1 100 $a20180615d2015----km-y0itaa50------ba 101 0 $aita 102 $aIT 200 1 $aTristi Tropici$fClaude Lévi-Strauss$gtraduzione di Bianca Garufi 210 $aMilano$c<> Saggiatore$d2015 215 $a379 p., [8] carte di tav.$cill.$d22 cm 225 2 $a<> Cultura$v961 410 1$12001$a<> Cultura$v961 500 10$aTristes tropiques$925482 606 1 $aIndiani d'America$yBrasile 676 $a305.898$v(22 ed.)$9Gruppi razziali, etnici, nazionali. Popoli indigeni sudamericani 700 1$aLevi-Strauss,$bClaude$091732 702 1$aGarufi,$bBianca 801 0$aIT$bUniversità della Basilicata - B.I.A.$gREICAT$2unimarc 912 $a000044808 996 $aTristes tropiques$925482 997 $aUNIBAS BAS $aLETTERE CAT $aMDL$b30$c20180615$lBAS01$h1315 FMT Z30 -1$lBAS01$LBAS01$mBOOK$1BASA4$APolo di Matera$2GEN$BCollezione generale$3MSR/116017$6116017$5L116017$820180615$f02$FPrestabile Generale